000 00549nab a2200157Ia 4500
003 ES-SlBCS
005 20210601141250.0
008 140529s1998 xxu||||| |||| 00| 0 spa d
041 _aspa
100 1 _aFinnegan, Florencia
_9253840
245 0 0 _aLa política educativa oficial y la exclusion socioeducativa en Argentina
_c Florencia Finnegan, Ana Pagano
651 4 _aArgentina-Exclusión Socioeducativa
_9253841
700 1 _aPagano, Ana
_9253842
773 0 _tEducaçao e Filosofia
_gvol. 12, nº. 23, 1998, págs. 141-158
_wRev1534
942 _cAR
999 _c657922
_d657922